Projecte de Institut Oceanogràfic de Catalunya / per A. de Falguera i J. Vilaseca, i Josep Maluquer
Descripción Física:
24 p., [9] f. de làm. ; 25 cm
MARC
| LEADER | 00000nam a2200000Ia 4500 | ||
|---|---|---|---|
| 001 | 22117 | ||
| 008 | 160829s1919 xx 000 0 cat d | ||
| 080 | |a RF-15-61 | ||
| 100 | |a Falguera, A. de |9 48579 | ||
| 245 | |a Projecte de Institut Oceanogràfic de Catalunya / per A. de Falguera i J. Vilaseca, i Josep Maluquer | ||
| 260 | |a Barcelona : |b (Henrich i Cia), |c 1919 | ||
| 300 | |a 24 p., [9] f. de làm. ; |c 25 cm | ||
| 590 | |a Prové de 3731, exp. 9 i de 2900, exp. 3. | ||
| 590 | |a Hi ha un duplicat a: DUP-73-4 | ||
| 650 | |a Institut Oceanogràfic de Catalunya |x Projectes |9 48580 | ||
| 700 | |a Vilaseca, J. |9 48581 | ||
| 700 | |a Maluquer, Josep |9 37965 | ||
| 856 | 4 | |u https://media.diba.cat/diba/fitxers/arxiu/fulletons/bib_22117_1919_baixa.pdf |y Accés lliure | |
| 856 | 4 | |u https://media.diba.cat/diba/fitxers/arxiu/fulletons/bib_22117_1919_baixa.pdf |y Accés lliure | |
| 901 | |a Arxiu | ||
| 942 | |n 1 |2 udc | ||
| 952 | |0 0 |1 0 |4 0 |6 RF1561 |7 1 |9 54669 |a Arxiu |b Arxiu |d 2016-12-01 |l 0 |o RF-15-61 |p 22117 |r 2016-12-01 00:00:00 |w 2016-12-01 |y ARXIU | ||
| 999 | |c 58538 |d 58538 | ||
| 900 | |a bib_22117_1919_baixa.pdf | ||